Normal view
MARC view
Entry Personal Name
001 - CONTROL NUMBER
- control field: 79712
003 - CONTROL NUMBER IDENTIFIER
- control field: OSt
005 - DATE AND TIME OF LATEST TRANSACTION
- control field: 20200922122237.0
008 - FIXED-LENGTH DATA ELEMENTS
- fixed length control field: 200922|| aca||aabn | a|a d
040 ## - CATALOGING SOURCE
- Original cataloging agency: OSt
- Transcribing agency: OSt
100 ## - HEADING--PERSONAL NAME
- Personal name: खुल्लर,डी. आर
670 ## - SOURCE DATA FOUND
- Source citation: Work cat.: (OSt): खुल्लर,डी. आर , पर्यावरण सिविल सेवा प्रारंभिक एवं मुख्य परीक्षा तथा अन्य प्रतियोगी परीक्षाओं हेतु , 2020









